[Event "Portugal Open 2018"]
[Site "Lisboa POR"]
[Date "2018.02.03"]
[Round "1.51"]
[White "Cordeiro, João"]
[Black "Colijn, Stefan"]
[Result "0-1"]
[WhiteElo "1807"]
[BlackElo "2311"]
[WhiteFideId "1935291"]
[BlackFideId "1016199"]
[BlackTitle "FM"]
[WhiteCountry "POR"]
[BlackCountry "NED"]
[PlyCount "96"]
[EventDate "2018.??.??"]

1. e4 d6 2. d4 Nf6 3. Nc3 c6 4. f4 Qa5 5. e5 Ne4 6. Bd2 Nxd2 7. Qxd2 d5 8. Nf3
e6 9. Bd3 c5 10. Nd1 Qxd2+ 11. Kxd2 cxd4 12. Nxd4 Bd7 13. c3 Nc6 14. Nxc6 bxc6
15. Rf1 g6 16. g4 Bg7 17. h4 h5 18. Rg1 hxg4 19. Rxg4 O-O-O 20. Ne3 Rh5 21. Nc2
Rdh8 22. Rh1 Bf8 23. Nd4 Bh6 24. Nf3 f5 25. Rxg6 Bxf4+ 26. Kc2 Be3 27. Rh2 R5h6
28. Rhg2 Rxg6 29. Rxg6 Kd8 30. c4 Ke8 31. cxd5 cxd5 32. Kd1 Kf7 33. Rg2 d4 34.
Bc4 Bc6 35. Ng5+ Ke7 36. Rg3 f4 37. Rg4 Rg8 38. Bxe6 Rxg5 39. Rxg5 Bf3+ 40. Ke1
Kxe6 41. Rg6+ Kxe5 42. Rg8 d3 43. Re8+ Kf5 44. Rd8 Be2 45. Re8 Kg4 46. h5 Kf3
47. Rd8 d2+ 48. Rxd2 Bf2# 0-1

[Event "Portugal Open 2018"]
[Site "Lisboa POR"]
[Date "2018.02.03"]
[Round "1.52"]
[White "Risting, Eivind Olav"]
[Black "Guerreiro, Paulo"]
[Result "1-0"]
[WhiteElo "2308"]
[BlackElo "1796"]
[WhiteFideId "1517333"]
[BlackFideId "1902105"]
[WhiteTitle "FM"]
[WhiteCountry "NOR"]
[BlackCountry "POR"]
[PlyCount "45"]
[EventDate "2018.??.??"]

1. d4 d5 2. c4 c6 3. Nf3 Bf5 4. Nc3 dxc4 5. e4 Bg6 6. Bxc4 e6 7. O-O Nf6 8. Qe2
Be7 9. Bf4 O-O 10. Rfd1 b5 11. Bd3 b4 12. Na4 Nbd7 13. Rac1 Rc8 14. Ba6 Bxe4 15.
Bxc8 Qxc8 16. Ne5 Bd5 17. b3 Ne4 18. f3 Nd6 19. Qe1 Nb5 20. Nxc6 Bxc6 21. d5 Qa6
22. Rxc6 Qb7 23. Rcc1 1-0

[Event "Portugal Open 2018"]
[Site "Lisboa POR"]
[Date "2018.02.03"]
[Round "1.53"]
[White "Simões, Miguel"]
[Black "Ding, Tze How Dilwen"]
[Result "1/2-1/2"]
[WhiteElo "1794"]
[BlackElo "2306"]
[WhiteFideId "1946307"]
[BlackFideId "5707641"]
[BlackTitle "FM"]
[WhiteCountry "POR"]
[BlackCountry "MAS"]
[PlyCount "125"]
[EventDate "2018.??.??"]

1. e4 c5 2. Nf3 e6 3. d4 cxd4 4. Nxd4 Nc6 5. Nc3 a6 6. Be3 Nf6 7. Be2 Qc7 8. O-O
Bb4 9. f3 Bxc3 10. bxc3 O-O 11. Qd2 d5 12. Bg5 Nd7 13. exd5 exd5 14. Bd3 Nc5 15.
Nxc6 bxc6 16. Bf4 Qa5 17. Bd6 Rd8 18. Bxc5 Qxc5+ 19. Kh1 Qa5 20. Qe3 Be6 21. f4
Re8 22. Qg3 f5 23. Qg5 Qxc3 24. Bxf5 Bxf5 25. Qxf5 Re4 26. Rab1 Rf8 27. Qg5 Qc4
28. f5 Rg4 29. Qd2 Qxa2 30. Rb7 Qc4 31. Qf2 Qe4 32. Ra7 Rg5 33. f6 Rxf6 34. Ra8+
Kf7 35. Qa7+ Kg6 36. Rxf6+ gxf6 37. Qf2 Qf5 38. Qe2 Qe5 39. Qd3+ Qe4 40. Rxa6
Qxd3 41. cxd3 Re5 42. Kg1 c5 43. Kf2 d4 44. Rc6 h5 45. h3 Kf7 46. Kf3 Kg6 47.
Kf4 Rf5+ 48. Ke4 Kg5 49. Rc8 Re5+ 50. Kf3 Re3+ 51. Kf2 Rxd3 52. Rxc5+ f5 53. g3
Re3 54. Rd5 Re4 55. Rd6 h4 56. Rd8 hxg3+ 57. Kxg3 f4+ 58. Kf2 Kf5 59. h4 Kg4 60.
h5 d3 61. Rxd3 Kxh5 62. Kf3 Ra4 63. Rd5+ 1/2-1/2

[Event "Portugal Open 2018"]
[Site "Lisboa POR"]
[Date "2018.02.03"]
[Round "1.54"]
[White "Injac, Teodora"]
[Black "Leite, Marta"]
[Result "1-0"]
[WhiteElo "2302"]
[BlackElo "1784"]
[WhiteFideId "932400"]
[BlackFideId "1904035"]
[WhiteTitle "WIM"]
[WhiteCountry "SRB"]
[BlackCountry "POR"]
[PlyCount "37"]
[EventDate "2018.??.??"]

1. d4 d5 2. Nf3 Nf6 3. c4 e6 4. Nc3 Be7 5. cxd5 Nxd5 6. e4 Nf6 7. Be2 O-O 8. O-O
b6 9. Bf4 c6 10. Qc2 Bb7 11. Rfd1 Nbd7 12. Rac1 Rc8 13. Bd3 h6 14. Qe2 Nb8 15.
e5 Nd5 16. Qe4 g6 17. Bxh6 Re8 18. Qg4 Kh7 19. Ng5+ 1-0

[Event "Portugal Open 2018"]
[Site "Lisboa POR"]
[Date "2018.02.03"]
[Round "1.55"]
[White "Arroyo Figuero, Fernando"]
[Black "Borsos, Bogdan"]
[Result "0-1"]
[WhiteElo "1783"]
[BlackElo "2301"]
[WhiteFideId "22218769"]
[BlackFideId "14100568"]
[BlackTitle "IM"]
[WhiteCountry "ESP"]
[BlackCountry "UKR"]
[PlyCount "162"]
[EventDate "2018.??.??"]

1. e4 e5 2. Nf3 Nc6 3. Nc3 Nf6 4. d4 exd4 5. Nxd4 Bb4 6. Nxc6 bxc6 7. Bd3 d5 8.
exd5 cxd5 9. O-O O-O 10. Bg5 c6 11. Qf3 Bd6 12. Ne2 Rb8 13. b3 h6 14. Bxf6 Qxf6
15. Qxf6 gxf6 16. Ng3 Re8 17. Rfe1 Re5 18. c4 Be6 19. cxd5 cxd5 20. Ne2 Ba3 21.
Rad1 Rc8 22. Nd4 Bg4 23. Nf3 Bxf3 24. gxf3 Rc6 25. Kf1 Bb4 26. Re2 Rh5 27. Re8+
Kg7 28. Kg2 Rg5+ 29. Kf1 Rh5 30. Kg2 Bd6 31. h3 Bf4 32. Re7 Rc7 33. Rxc7 Bxc7
34. Rc1 Rg5+ 35. Kf1 Bh2 36. Rc2 Rg1+ 37. Ke2 Bd6 38. Bf5 Ra1 39. Rd2 Bb4 40.
Rc2 d4 41. Kd3 Bc3 42. Ke2 Kf8 43. Kd3 Ke7 44. Kc4 a5 45. Re2+ Kd6 46. Bh7 Rh1
47. Bf5 h5 48. a3 Rg1 49. a4 Rg2 50. Bh7 Rg7 51. Bf5 Rg5 52. Bh7 Rc5+ 53. Kd3
Rc8 54. Bf5 Rb8 55. Kc2 Bb4 56. Re4 Bc5 57. Re2 Rg8 58. Kd3 Rb8 59. Kc2 Rg8 60.
Kd3 Rg5 61. Be4 f5 62. Bb7 Rg1 63. Bc8 Rb1 64. Kc2 d3+ 65. Kxd3 Rxb3+ 66. Kc2
Rxf3 67. Kb2 Bxf2 68. Bb7 Bd4+ 69. Ka2 Rxh3 70. Bc8 Rf3 71. Rh2 Rf2+ 72. Rxf2
Bxf2 73. Bxf5 Ke5 74. Bh3 Kf4 75. Kb2 Kg3 76. Bf5 h4 77. Kc3 h3 78. Be4 Kh2 79.
Kd2 Kg1 80. Ke2 h2 81. Bd5 Bc5 0-1

[Event "Portugal Open 2018"]
[Site "Lisboa POR"]
[Date "2018.02.03"]
[Round "1.56"]
[White "Sterck, Arno"]
[Black "Pipiras, Filipa"]
[Result "1-0"]
[WhiteElo "2295"]
[BlackElo "1771"]
[WhiteFideId "228249"]
[BlackFideId "1944894"]
[WhiteTitle "FM"]
[WhiteCountry "BEL"]
[BlackCountry "POR"]
[PlyCount "125"]
[EventDate "2018.??.??"]

1. Nf3 d5 2. d4 Nf6 3. c4 e6 4. g3 Bb4+ 5. Bd2 a5 6. Bg2 O-O 7. O-O dxc4 8. Qc2
Bxd2 9. Nbxd2 c6 10. Nxc4 b5 11. Nce5 Bb7 12. Rac1 Nfd7 13. Rfd1 Qf6 14. Nd3 Na6
15. Nfe5 Nxe5 16. Nxe5 Nb4 17. Qb1 Rfc8 18. a3 Nd5 19. e4 Nb6 20. Nxc6 Bxc6 21.
e5 Qd8 22. Bxc6 Rab8 23. Bxb5 Rxc1 24. Qxc1 Qd5 25. Qc7 Rb7 26. Qc6 Qxc6 27.
Bxc6 Rc7 28. Be4 g6 29. Kf1 Nc4 30. b3 Nxa3 31. d5 exd5 32. Rxd5 Nb1 33. Bxb1
Rc1+ 34. Kg2 Rxb1 35. Rxa5 Rxb3 36. g4 Kf8 37. Ra8+ Ke7 38. Rh8 Rb5 39. f4 Rb2+
40. Kg3 Rb3+ 41. Kh4 Rf3 42. Kg5 Rh3 43. f5 gxf5 44. gxf5 f6+ 45. Kg4 Rxh2 46.
e6 Rg2+ 47. Kf3 Rg7 48. Ke4 Rg4+ 49. Kd5 Rh4 50. Ra8 Rh1 51. Ra7+ Ke8 52. Rf7 h5
53. Rxf6 h4 54. Rh6 h3 55. f6 Rd1+ 56. Kc4 Kd8 57. Rh8+ Kc7 58. f7 Rf1 59. f8=Q
Rxf8 60. Rxf8 h2 61. Rh8 Kd6 62. Rxh2 Kxe6 63. Rh5 1-0

[Event "Portugal Open 2018"]
[Site "Lisboa POR"]
[Date "2018.02.03"]
[Round "1.57"]
[White "Gonçalves, Gabriel"]
[Black "Terbe, Julianna"]
[Result "0-1"]
[WhiteElo "1766"]
[BlackElo "2292"]
[WhiteFideId "1945610"]
[BlackFideId "708780"]
[BlackTitle "WIM"]
[WhiteCountry "POR"]
[BlackCountry "HUN"]
[PlyCount "52"]
[EventDate "2018.??.??"]

1. e4 c5 2. Nf3 Nc6 3. d4 cxd4 4. Nxd4 Nf6 5. Nc3 e5 6. Ndb5 d6 7. Nd5 Nxd5 8.
exd5 Nb8 9. c4 Be7 10. Be3 O-O 11. Bd3 f5 12. f4 a6 13. Na3 exf4 14. Bxf4 Bf6
15. Qd2 Re8+ 16. Be2 g5 17. Bg3 f4 18. O-O-O fxg3 19. Bd3 Qb6 20. Qc2 Qf2 21.
Bxh7+ Kf8 22. Rdf1 Qxc2+ 23. Bxc2 Kg7 24. hxg3 Rf8 25. Rh7+ Kg8 26. c5 Bxb2+ 0-1

[Event "Portugal Open 2018"]
[Site "Lisboa POR"]
[Date "2018.02.03"]
[Round "1.58"]
[White "Rego, Pedro"]
[Black "Silva, Pedro Gil"]
[Result "1-0"]
[WhiteElo "2292"]
[BlackElo "1766"]
[WhiteFideId "1904310"]
[BlackFideId "1946102"]
[WhiteTitle "CM"]
[WhiteCountry "POR"]
[BlackCountry "POR"]
[PlyCount "83"]
[EventDate "2018.??.??"]

1. d4 d5 2. Bf4 Nf6 3. e3 e6 4. Nd2 c5 5. c3 Nc6 6. Bd3 Bd6 7. Bg3 b6 8. Ngf3
Bb7 9. O-O O-O 10. Ne5 Qc7 11. f4 Ne7 12. Qf3 Nf5 13. Bf2 Be7 14. Ng4 Nxg4 15.
Qxg4 Nd6 16. Qh3 Ne4 17. Nf3 a5 18. Rac1 Ba6 19. c4 Bxc4 20. Rxc4 b5 21. Rcc1 c4
22. Bh4 Bxh4 23. Qxh4 Qd8 24. Qxd8 Rfxd8 25. Bxe4 dxe4 26. Ng5 a4 27. a3 Rdb8
28. Nxe4 Ra7 29. Nc5 Re7 30. e4 Rd8 31. Rfd1 f5 32. e5 Rd5 33. Kf2 Kf7 34. Na6
Red7 35. Ke3 Ra7 36. Nb4 Rdd7 37. Rd2 Rac7 38. d5 exd5 39. Nxd5 Rc5 40. Rcd1 g5
41. fxg5 Rd8 42. Kf4 1-0

[Event "Portugal Open 2018"]
[Site "Lisboa POR"]
[Date "2018.02.03"]
[Round "1.59"]
[White "Spínola, Sidney"]
[Black "Silva, David"]
[Result "0-1"]
[WhiteElo "1750"]
[BlackElo "2283"]
[WhiteFideId "1950720"]
[BlackFideId "10101314"]
[BlackTitle "IM"]
[WhiteCountry "CPV"]
[BlackCountry "ANG"]
[PlyCount "72"]
[EventDate "2018.??.??"]

1. e4 e5 2. Nf3 Nc6 3. d4 exd4 4. Nxd4 Bc5 5. Be3 Qf6 6. c3 Nge7 7. Bc4 Ne5 8.
Bb3 Qg6 9. O-O d6 10. f3 O-O 11. Nd2 Kh8 12. Qe2 Bd7 13. Rae1 a5 14. Bc2 Qh5 15.
Rf2 Rae8 16. Nf1 d5 17. Ng3 Qg6 18. exd5 Qb6 19. f4 Ng4 20. Qd3 Ng6 21. Rfe2 Bb5
22. c4 Rxe3 23. Rxe3 Bxd4 24. Nf5 Bxe3+ 25. Nxe3 Bxc4 26. Qa3 Nxe3 27. Rxe3 Re8
28. Bxg6 Qxe3+ 29. Qxe3 Rxe3 30. Bxf7 Re1+ 31. Kf2 Re2+ 32. Kf3 Rxb2 33. h3 Bxa2
34. g4 a4 35. Ke3 a3 36. d6 cxd6 0-1

[Event "Portugal Open 2018"]
[Site "Lisboa POR"]
[Date "2018.02.03"]
[Round "1.60"]
[White "Balbuena Fuentes, Mario"]
[Black "Calzada Cruz, Osvaldo"]
[Result "1-0"]
[WhiteElo "2282"]
[BlackElo "1745"]
[WhiteFideId "32017880"]
[BlackFideId "3509460"]
[WhiteTitle "FM"]
[WhiteCountry "ESP"]
[BlackCountry "CUB"]
[PlyCount "75"]
[EventDate "2018.??.??"]

1. e4 e5 2. Nf3 Nc6 3. Bb5 a6 4. Ba4 Nf6 5. d4 Nxd4 6. Nxd4 exd4 7. e5 Nd5 8.
Qxd4 Nb6 9. Nc3 Nxa4 10. Qxa4 Be7 11. Qg4 Rg8 12. Qe4 Rh8 13. Bf4 h5 14. O-O-O
Bg5 15. Bxg5 Qxg5+ 16. f4 Qd8 17. Rhe1 Rh6 18. f5 Kf8 19. f6 a5 20. Nd5 Ra6 21.
fxg7+ Kxg7 22. Nf6 d6 23. Re3 Bg4 24. Rdd3 Rxf6 25. exf6+ Qxf6 26. Qd4 Rc6 27.
Qxf6+ Kxf6 28. Rc3 Rxc3 29. Rxc3 c6 30. a4 Bf5 31. Rb3 Be4 32. Rxb7 Bxg2 33. Kd2
h4 34. Ra7 Ke6 35. Rxa5 d5 36. Ra8 f5 37. Rh8 c5 38. a5 1-0

[Event "Portugal Open 2018"]
[Site "Lisboa POR"]
[Date "2018.02.03"]
[Round "1.61"]
[White "Santos, José Duarte"]
[Black "Ölçüm, Ahmet"]
[Result "0-1"]
[WhiteElo "1744"]
[BlackElo "2267"]
[WhiteFideId "1902318"]
[BlackFideId "6311393"]
[BlackTitle "CM"]
[WhiteCountry "POR"]
[BlackCountry "TUR"]
[PlyCount "70"]
[EventDate "2018.??.??"]

1. e4 d6 2. d4 g6 3. Nc3 Bg7 4. Be3 a6 5. Bc4 e6 6. Bb3 Ne7 7. Qd2 h6 8. O-O-O
b5 9. f3 Nd7 10. Nce2 Bb7 11. g4 c5 12. c3 a5 13. a4 b4 14. h4 Qc7 15. dxc5 dxc5
16. Qd6 Qxd6 17. Rxd6 Nc8 18. Rxd7 Kxd7 19. Bxc5 Ba6 20. c4 Nd6 21. Bxd6 Kxd6
22. Ba2 b3 23. Bxb3 Rab8 24. Kc2 Rhc8 25. Nc3 Bxc3 26. bxc3 Bxc4 27. Bxc4 Rxc4
28. Ne2 Rxa4 29. Nc1 f5 30. h5 fxe4 31. hxg6 exf3 32. Rxh6 Rxg4 33. g7 Rxg7 34.
Rf6 Rg2+ 35. Kd3 Rb1 0-1

[Event "Portugal Open 2018"]
[Site "Lisboa POR"]
[Date "2018.02.03"]
[Round "1.62"]
[White "Ferrante, Marco"]
[Black "Santos, Isabel P"]
[Result "1-0"]
[WhiteElo "2267"]
[BlackElo "1739"]
[WhiteFideId "816035"]
[BlackFideId "1921681"]
[WhiteCountry "ITA"]
[BlackCountry "POR"]
[PlyCount "49"]
[EventDate "2018.??.??"]

1. e4 c6 2. d4 d5 3. Nc3 dxe4 4. Nxe4 Nd7 5. Ng5 Ngf6 6. Bd3 e6 7. N1f3 h6 8.
Nxe6 Bb4+ 9. c3 Bxc3+ 10. bxc3 fxe6 11. Bg6+ Kf8 12. Qe2 Qe7 13. a4 Nd5 14. O-O
Qf6 15. Qd3 Kg8 16. c4 Ne7 17. Be4 Nf8 18. Ne5 g5 19. f4 Nf5 20. g4 gxf4 21.
gxf5 exf5 22. Bg2 h5 23. Bxf4 h4 24. Kh1 Be6 25. Rg1 1-0

[Event "Portugal Open 2018"]
[Site "Lisboa POR"]
[Date "2018.02.03"]
[Round "1.63"]
[White "Vera Cruz, Aguinaldo"]
[Black "Schwartz, Ylon"]
[Result "0-1"]
[WhiteElo "1729"]
[BlackElo "2263"]
[WhiteFideId "23600250"]
[BlackFideId "2009323"]
[BlackTitle "FM"]
[WhiteCountry "CPV"]
[BlackCountry "USA"]
[PlyCount "42"]
[EventDate "2018.??.??"]

1. e4 c6 2. d4 g6 3. Nf3 d5 4. e5 Bg4 5. h3 Bxf3 6. Qxf3 e6 7. Qb3 Qc7 8. Be2
Bg7 9. O-O Ne7 10. Bg5 Nf5 11. c3 h6 12. Bf4 Nd7 13. Bh2 c5 14. Rd1 O-O 15. Bg4
Ne7 16. Nd2 Nc6 17. Nf1 Na5 18. Qa4 b5 19. Qxb5 Nc4 20. b3 a6 21. Qa4 Ndb6 0-1

[Event "Portugal Open 2018"]
[Site "Lisboa POR"]
[Date "2018.02.03"]
[Round "1.64"]
[White "Koziol, Kamil"]
[Black "Silva, Tiago Alexandre"]
[Result "1-0"]
[WhiteElo "2257"]
[BlackElo "1716"]
[WhiteFideId "1161555"]
[BlackFideId "1935321"]
[WhiteTitle "FM"]
[WhiteCountry "POL"]
[BlackCountry "POR"]
[PlyCount "45"]
[EventDate "2018.??.??"]

1. e4 e5 2. Nf3 Nc6 3. Bb5 a6 4. Ba4 Nf6 5. Bxc6 dxc6 6. d3 Qd6 7. Nbd2 Nd7 8.
Nc4 Qg6 9. O-O f6 10. Nh4 Qf7 11. f4 Bc5+ 12. Kh1 exf4 13. Bxf4 O-O 14. Bxc7 Qe8
15. Nf5 b5 16. Ncd6 Bxd6 17. Bxd6 Rf7 18. Bf4 Qe6 19. Nd4 Qe8 20. Nxc6 Nc5 21.
Nd4 Rd7 22. Be3 Bb7 23. Qg4 1-0

[Event "Portugal Open 2018"]
[Site "Lisboa POR"]
[Date "2018.02.03"]
[Round "1.65"]
[White "Soares, Pedro Pita"]
[Black "Yuksel, Atilla Koksal"]
[Result "0-1"]
[WhiteElo "1713"]
[BlackElo "2248"]
[WhiteFideId "1931725"]
[BlackFideId "6306667"]
[WhiteCountry "POR"]
[PlyCount "90"]
[EventDate "2018.??.??"]

1. d4 d5 2. c4 e6 3. Nc3 Nf6 4. Bg5 Nbd7 5. cxd5 exd5 6. Qc2 c6 7. e3 Be7 8. Bd3
O-O 9. Nge2 Re8 10. O-O Nf8 11. Rae1 Bg4 12. f3 Bh5 13. Bh4 Bg6 14. Nf4 Nh5 15.
Bxe7 Qxe7 16. Nxg6 Nxg6 17. Bxg6 hxg6 18. e4 dxe4 19. fxe4 Rad8 20. Qf2 Qf6 21.
Qxf6 Nxf6 22. e5 Nd5 23. Ne4 Re7 24. Nd6 Nb6 25. Rd1 Nc8 26. Nxc8 Rxc8 27. Rd3
Rd8 28. Rfd1 Rd5 29. Kf2 Kf8 30. Kf3 a5 31. g4 g5 32. h3 Ke8 33. Kf2 Kd7 34. Kf3
Ke6 35. Kf2 Red7 36. Ke3 c5 37. Ke4 cxd4 38. Rxd4 Rxe5+ 39. Kf3 Rxd4 40. Rxd4
Rd5 41. Re4+ Kd6 42. Re3 b5 43. a4 bxa4 44. Ra3 Rd4 45. Ke3 Rb4 0-1

[Event "Portugal Open 2018"]
[Site "Lisboa POR"]
[Date "2018.02.03"]
[Round "1.66"]
[White "Corbalan Gomez, Juan Jose"]
[Black "Monteiro, Sara"]
[Result "1-0"]
[WhiteElo "2245"]
[BlackElo "1712"]
[WhiteFideId "2260492"]
[BlackFideId "1909860"]
[BlackTitle "WCM"]
[BlackCountry "POR"]
[PlyCount "43"]
[EventDate "2018.??.??"]

1. e4 d5 2. exd5 Qxd5 3. Nc3 Qa5 4. d4 Nf6 5. Bc4 Nc6 6. d5 Ne5 7. Bb3 Bf5 8.
Qe2 Ned7 9. Bd2 O-O-O 10. Nf3 Bg4 11. O-O Qb6 12. a4 a6 13. a5 Qd6 14. Ra4 Nc5
15. Bf4 Qd7 16. Qe3 e6 17. Ne5 Qe8 18. Nxg4 Nxg4 19. Qg3 Nf6 20. dxe6 Nxa4 21.
Nxa4 fxe6 22. Bxc7 1-0

[Event "Portugal Open 2018"]
[Site "Lisboa POR"]
[Date "2018.02.03"]
[Round "1.67"]
[White "Billot, Daniel"]
[Black "Neves, Pedro"]
[Result "0-1"]
[WhiteElo "1710"]
[BlackElo "2242"]
[WhiteFideId "618004"]
[BlackFideId "1905554"]
[BlackTitle "NM"]
[WhiteCountry "FRA"]
[BlackCountry "POR"]
[PlyCount "26"]
[EventDate "2018.??.??"]

1. e4 c5 2. c3 d5 3. exd5 Qxd5 4. d4 Nf6 5. Nf3 e6 6. Be2 Nc6 7. O-O cxd4 8.
Nxd4 Nxd4 9. Qxd4 Qxd4 10. cxd4 Bd7 11. Nc3 Bc6 12. Nb5 Nd5 13. Bf3 Bxb5 0-1

[Event "Portugal Open 2018"]
[Site "Lisboa POR"]
[Date "2018.02.03"]
[Round "1.68"]
[White "Godzwon, Iwo"]
[Black "Dias, António"]
[Result "1-0"]
[WhiteElo "2240"]
[BlackElo "1707"]
[WhiteFideId "21802483"]
[BlackFideId "1928040"]
[WhiteCountry "POL"]
[BlackCountry "POR"]
[PlyCount "113"]
[EventDate "2018.??.??"]

1. e4 Nf6 2. e5 Nd5 3. d4 d6 4. Nf3 g6 5. Bc4 c6 6. O-O Bg7 7. Nbd2 b5 8. Bb3
O-O 9. Ne4 f5 10. exf6 exf6 11. Bxd5+ cxd5 12. Nc3 a6 13. Nxd5 Bb7 14. Nf4 Qc8
15. Re1 Re8 16. Rxe8+ Qxe8 17. Be3 Nd7 18. c3 Qf7 19. Nd3 g5 20. Nd2 Re8 21. Nf1
h5 22. f3 Kh7 23. Qc2 Qg6 24. Qd2 Nb6 25. b3 Bh6 26. Re1 Nd5 27. c4 Nxe3 28.
Rxe3 g4 29. f4 Rxe3 30. Qxe3 Qe4 31. Qxe4+ Bxe4 32. Nf2 Bb1 33. cxb5 axb5 34.
Nd2 Bc2 35. Nde4 Bxf4 36. Nxf6+ Kg6 37. Nd5 Bd2 38. Kf1 Kf5 39. Ke2 Bg5 40. Ne3+
Bxe3 41. Kxe3 b4 42. Kd2 Bb1 43. Kc1 Be4 44. g3 d5 45. Kb2 Ke6 46. a3 bxa3+ 47.
Kxa3 Kd6 48. Kb4 Bf5 49. Nd1 Bd7 50. Ne3 Kc6 51. Ka5 Be6 52. Ng2 Bd7 53. Nf4 Be8
54. b4 Bf7 55. Ka6 Kc7 56. b5 Kb8 57. Kb6 1-0

[Event "Portugal Open 2018"]
[Site "Lisboa POR"]
[Date "2018.02.03"]
[Round "1.69"]
[White "Alves, Fernando"]
[Black "Weinzettl, Ernst"]
[Result "0-1"]
[WhiteElo "1701"]
[BlackElo "2238"]
[WhiteFideId "1905678"]
[BlackFideId "1600575"]
[BlackTitle "IM"]
[WhiteCountry "POR"]
[BlackCountry "AUT"]
[PlyCount "48"]
[EventDate "2018.??.??"]

1. e4 e6 2. d4 d5 3. Nc3 Nf6 4. Bg5 dxe4 5. Nxe4 Be7 6. Ng3 Nbd7 7. Nf3 h6 8.
Bd2 c5 9. c3 O-O 10. Bd3 b6 11. O-O Bb7 12. Re1 cxd4 13. cxd4 Nc5 14. Bc3 Nxd3
15. Qxd3 Qd5 16. Re5 Qd7 17. a3 Rac8 18. Rae1 Bd6 19. R5e2 Qc6 20. Rc1 Qd5 21.
h3 Rfd8 22. Qe3 Ba8 23. Rce1 Qb7 24. Ne4 Nxe4 0-1

[Event "Portugal Open 2018"]
[Site "Lisboa POR"]
[Date "2018.02.03"]
[Round "1.70"]
[White "Apanasenok, Alexander"]
[Black "Barrento, Jorge"]
[Result "1-0"]
[WhiteElo "2236"]
[BlackElo "1700"]
[WhiteFideId "4139305"]
[BlackFideId "1906500"]
[WhiteCountry "RUS"]
[BlackCountry "POR"]
[PlyCount "71"]
[EventDate "2018.??.??"]

1. Nf3 d5 2. b3 Nf6 3. Bb2 e6 4. g3 c5 5. Bg2 Nc6 6. O-O Be7 7. e3 O-O 8. d3 b6
9. Nbd2 Bb7 10. Qe2 Rc8 11. c4 Qc7 12. Rac1 Rfd8 13. a3 Ne8 14. cxd5 exd5 15. d4
Qb8 16. dxc5 Bxc5 17. b4 Bd6 18. Nb3 Ne5 19. Nxe5 Bxe5 20. Nd4 Rxc1 21. Rxc1 Rc8
22. Rd1 Rd8 23. Nf5 Bxb2 24. Qxb2 Nf6 25. Qd4 Re8 26. g4 Qe5 27. Qxe5 Rxe5 28.
f4 Re8 29. Nd6 Re7 30. Nxb7 Rxb7 31. g5 Ng4 32. Rxd5 Rb8 33. Rd3 Re8 34. Bc6 Rc8
35. h3 h5 36. b5 1-0

[Event "Portugal Open 2018"]
[Site "Lisboa POR"]
[Date "2018.02.03"]
[Round "1.71"]
[White "Avelino, Camila"]
[Black "Santos, António P"]
[Result "0-1"]
[WhiteElo "1694"]
[BlackElo "2228"]
[WhiteFideId "1938975"]
[BlackFideId "1900161"]
[BlackTitle "FM"]
[WhiteCountry "POR"]
[BlackCountry "POR"]
[PlyCount "60"]
[EventDate "2018.??.??"]

1. e4 c5 2. Nf3 Nc6 3. d4 cxd4 4. Nxd4 Nf6 5. Nc3 e5 6. Ndb5 d6 7. Bg5 a6 8. Na3
b5 9. Nd5 Be7 10. c3 O-O 11. Nxe7+ Qxe7 12. Nc2 h6 13. Bxf6 Qxf6 14. Be2 Rd8 15.
O-O Ne7 16. Ne3 Bb7 17. Bf3 Bc6 18. Qc2 Qe6 19. b3 d5 20. exd5 Nxd5 21. Nxd5
Bxd5 22. Be4 Bxe4 23. Qxe4 f5 24. Qe3 Qd5 25. Rfe1 e4 26. Rf1 Rac8 27. Rac1 Qd2
28. Qb6 Rd6 29. Qb7 Rcd8 30. a4 Qxc1 0-1

[Event "Portugal Open 2018"]
[Site "Lisboa POR"]
[Date "2018.02.03"]
[Round "1.72"]
[White "Ermeni, Avni"]
[Black "Asvestopoulou, Evdokia"]
[Result "1-0"]
[WhiteElo "2214"]
[BlackElo "1685"]
[WhiteFideId "912840"]
[BlackFideId "4219198"]
[WhiteTitle "FM"]
[WhiteCountry "KOS"]
[BlackCountry "GRE"]
[PlyCount "59"]
[EventDate "2018.??.??"]

1. e4 c5 2. Nc3 Nc6 3. f4 g6 4. Nf3 Bg7 5. Bb5 e6 6. Bxc6 bxc6 7. O-O d5 8. d3
Ne7 9. Qe1 O-O 10. Kh1 a5 11. Qh4 Ba6 12. f5 exf5 13. e5 d4 14. Bg5 Re8 15. Na4
Qc7 16. Nxc5 Nd5 17. Qxd4 h6 18. Bf6 Bxf6 19. exf6 Qd8 20. Rfe1 Rxe1+ 21. Rxe1
Qxf6 22. c4 Qxd4 23. Nxd4 Nc7 24. Re7 Ne6 25. Ndxe6 fxe6 26. Rxe6 Kf7 27. Rxc6
Ke8 28. Kg1 Bc8 29. d4 f4 30. Nd3 1-0

[Event "Portugal Open 2018"]
[Site "Lisboa POR"]
[Date "2018.02.03"]
[Round "1.73"]
[White "Rodrigues, Tiago Nobre"]
[Black "Ranaldi, Lucas"]
[Result "0-1"]
[WhiteElo "1683"]
[BlackElo "2213"]
[WhiteFideId "1941410"]
[BlackFideId "1519484"]
[BlackTitle "FM"]
[WhiteCountry "POR"]
[BlackCountry "NOR"]
[PlyCount "68"]
[EventDate "2018.??.??"]

1. d4 Nf6 2. c4 e6 3. Nf3 Bb4+ 4. Bd2 c5 5. dxc5 Bxc5 6. e3 b6 7. Nc3 Bb7 8. a3
Be7 9. Be2 O-O 10. O-O d6 11. Nd4 Nbd7 12. Bf3 Bxf3 13. Qxf3 Rc8 14. Nc6 Ne5 15.
Nxe5 dxe5 16. Qe2 e4 17. Rfd1 a6 18. Rac1 Qc7 19. c5 bxc5 20. Qxa6 Ng4 21. g3
Qe5 22. h3 Nf6 23. Qc4 Qf5 24. Kg2 h5 25. Qe2 Nd7 26. Nb5 Ne5 27. b4 Nd3 28. Rc2
cxb4 29. Nd4 Rxc2 30. Nxf5 exf5 31. Ra1 bxa3 32. Qd1 Rfc8 33. Kg1 a2 34. Kg2 Bf6
0-1

[Event "Portugal Open 2018"]
[Site "Lisboa POR"]
[Date "2018.02.03"]
[Round "1.74"]
[White "Fernández Lledo, Javier"]
[Black "Santos, Ruben"]
[Result "1-0"]
[WhiteElo "2207"]
[BlackElo "1669"]
[WhiteFideId "22201432"]
[BlackFideId "1952838"]
[WhiteCountry "ESP"]
[BlackCountry "POR"]
[PlyCount "45"]
[EventDate "2018.??.??"]

1. e4 e6 2. d4 d5 3. Nc3 Bb4 4. e5 c5 5. a3 Bxc3+ 6. bxc3 c4 7. Qg4 g6 8. h4 h5
9. Qg3 Ne7 10. Bg5 Bd7 11. Bf6 Rh7 12. Nh3 Nf5 13. Qf4 Qa5 14. Qd2 Ba4 15. Ng5
Rh6 16. g3 Nd7 17. Bh3 Nxf6 18. exf6 Bxc2 19. Qxc2 Nxd4 20. Qb2 Nb3 21. O-O Qd8
22. Rae1 Nc5 23. Qb5+ 1-0

[Event "Portugal Open 2018"]
[Site "Lisboa POR"]
[Date "2018.02.03"]
[Round "1.75"]
[White "Guia, Artur"]
[Black "Fidalgo, André"]
[Result "0-1"]
[WhiteElo "1668"]
[BlackElo "2205"]
[WhiteFideId "1946781"]
[BlackFideId "1933620"]
[BlackTitle "NM"]
[WhiteCountry "POR"]
[BlackCountry "POR"]
[PlyCount "62"]
[EventDate "2018.??.??"]

1. e4 c5 2. Nf3 g6 3. d4 cxd4 4. Nxd4 Nc6 5. Nc3 Bg7 6. Be3 Nf6 7. Bc4 Qa5 8.
O-O O-O 9. Bb3 d6 10. f3 Bd7 11. Qd2 Rac8 12. Nxc6 Bxc6 13. Nd5 Qd8 14. Nxf6+
Bxf6 15. Bd4 Bxd4+ 16. Qxd4 Qa5 17. Rad1 Rfd8 18. Kh1 Qc5 19. Qxc5 dxc5 20. Kg1
Bb5 21. Rfe1 c4 22. a4 cxb3 23. axb5 bxc2 24. Rc1 Rd2 25. Kf1 Rcd8 26. h3 Kg7
27. h4 R8d3 28. b4 Rb3 29. Re2 Rd1+ 30. Re1 Rxc1 31. Rxc1 Rb1 0-1

[Event "Portugal Open 2018"]
[Site "Lisboa POR"]
[Date "2018.02.03"]
[Round "1.76"]
[White "Van Zyl-Rudd, Jack"]
[Black "Partoens, Remi"]
[Result "1-0"]
[WhiteElo "2197"]
[BlackElo "1663"]
[WhiteFideId "14309017"]
[BlackFideId "237108"]
[WhiteTitle "FM"]
[WhiteCountry "RSA"]
[BlackCountry "BEL"]
[PlyCount "53"]
[EventDate "2018.??.??"]

1. d4 Nf6 2. c4 c5 3. d5 e5 4. Nc3 d6 5. e4 Be7 6. Bd3 Nbd7 7. Nge2 h5 8. O-O h4
9. h3 Nh5 10. f4 a6 11. Be3 Bf6 12. f5 g5 13. Nc1 Nf4 14. Be2 Bg7 15. a3 Nf6 16.
b4 b6 17. Nd3 N6h5 18. Bf3 Ng3 19. Rf2 Bxf5 20. exf5 e4 21. Bxf4 gxf4 22. Nxe4
Bd4 23. Rb1 Qe7 24. Qe1 Nxf5 25. Kh2 Bxf2 26. Nexf2 Ne3 27. Nxf4 1-0